| 000 | 00609nam a22002057a 4500 | ||
|---|---|---|---|
| 003 | BD-DhJNU | ||
| 005 | 20250810072201.0 | ||
| 008 | 250810b |||||||| |||| 00| 0 eng d | ||
| 020 | _a0803907419 | ||
| 020 | _a0803909381 | ||
| 040 |
_aBD-DhJNU _bENG _cBD-DhJNU _dBD-DhJNU |
||
| 082 |
_223 _a331.111 |
||
| 245 |
_aManaging human resources : _ba challenge to urban governments / _cEdited by Charles H. Levine |
||
| 260 |
_aLondon : _bSage Publications, _c1977. |
||
| 300 |
_a319 p. : _bill. ; _c22 cm. |
||
| 490 | _v13 | ||
| 650 | _aHuman resources policy | ||
| 700 | _aLevine, Charles H. | ||
| 942 |
_2ddc _cBK _n0 |
||
| 999 |
_c1978 _d1978 |
||